Normal view
MARC view
- Zakaria, Fareed
Entry Personal Name
001 - CONTROL NUMBER
- control field: 9550
003 - CONTROL NUMBER IDENTIFIER
- control field: OSt
005 - DATE AND TIME OF LATEST TRANSACTION
- control field: 20230417123700.0
008 - FIXED-LENGTH DATA ELEMENTS
- fixed length control field: 230417|| aca||aabn | a|a d
040 ## - CATALOGING SOURCE
- Original cataloging agency: OSt
- Transcribing agency: OSt
100 ## - HEADING--PERSONAL NAME
- Personal name: Zakaria, Fareed
670 ## - SOURCE DATA FOUND
- Source citation: Work cat.: (OSt)4984: Zakaria, Fareed, Ten lessons for a post-pandemic world, 2020

PORTAL AKMAL
E-MEL JKDM
AKMAL2U
G-BAM
u-PUSTAKA